00742aam a2200217 a 4500001001000000003000400010005001700014008004100031020004200072040003700114050001400151100002900165245007300194260005200267300004700319336002600366337002800392338002700420504005100447650002600498013532555OSt20260211113950.0060804s2007 stka b 000 0 eng  a9780323033718 (Hardcover)cUSD 211.00 aStDuBDSbengcStDuBDSdNUSTerda aRK523 DAW1 aDawson, Peter E.eAuthor10aFunctional occlusion :bfrom TMJ to smile design /cPeter E. Dawson. aSt. Louis, Missouri :bMosby Elsevier,c©2007. axiii, 630 pages :bIllustrations ;c29 cm. atext2rdacontentbtxt aunmediated2rdamediabn avolume2rdacarrierbnc aIncludes bibliographical references and index. 0aOcclusion (Dentistry)